Human capital : a theoretical and empirical analysis, with special reference to education = Capital humano: un análisis teórico y empírico, con especial referencia a la educación /
Salvato in:
| Autore principale: | |
|---|---|
| Natura: | Sconosciuto |
| Lingua: | English |
| Pubblicazione: |
New York :
National Bureau of Economic Research ; distributed by Columbia University Press,
1964.
|
| Soggetti: | |
| Tags: |
Aggiungi Tag
Nessun Tag, puoi essere il primo ad aggiungerne!!
|
MARC
| LEADER | 000000000a22000000004500 | ||
|---|---|---|---|
| 001 | 013555 | ||
| 041 | 0 | |a eng | |
| 082 | 0 | 4 | |a 331.114.23 |b B393h |
| 100 | 1 | |a Becker, Gary S. |c (Gary Stanley), |d 1930- | |
| 245 | 1 | 0 | |a Human capital : |b a theoretical and empirical analysis, with special reference to education = Capital humano: un análisis teórico y empírico, con especial referencia a la educación / |c Gary S. Becker. |
| 246 | 3 | 1 | |a Capital humano: un análisis teórico y empírico, con especial referencia a la educación |
| 260 | 1 | |a New York : |b National Bureau of Economic Research ; distributed by Columbia University Press, |c 1964. | |
| 300 | |a xvi, 187 páginas : |b ilustraciones ; |c 24 cm. | ||
| 650 | 4 | |a EDUCACION | |
| 650 | 4 | |a ASPECTOS ECONOMICOS | |
| 650 | 4 | |a ORIENTACION PROFESIONAL | |
| 650 | 4 | |a CAPITAL HUMANO | |
| 500 | |a Colección George Yúdice | ||
| 999 | |c 19474 |d 19474 | ||
| 942 | |c BK |h 331.114.23 B393h |2 z | ||
